[Event "Junior Online 4NCL Division 5"]
[Site "online"]
[Date "2020.04.16"]
[Round "1.186"]
[White "Chopra, Nipun"]
[Black "Demyan, Leo"]
[Result "0-1"]
[WhiteElo "775"]
[BlackElo "1157"]
[PlyCount "22"]
[EventDate "2020.04.16"]
[WhiteTeam "Uxbridge Juniors C"]
[BlackTeam "Watford 4"]

1. e4 e5 2. Nf3 Nc6 3. d4 f6 4. Bb5 Bd6 5. dxe5 fxe5 6. Bg5 Be7 7. Nc3 Bxg5 8.
Nxg5 Qxg5 9. Bxc6 dxc6 10. O-O Bh3 11. b4 Qxg2# 0-1

[Event "Junior Online 4NCL Division 5"]
[Site "online"]
[Date "2020.04.16"]
[Round "1.187"]
[White "Shah, Prem"]
[Black "Bhargava, Arnav"]
[Result "1-0"]
[WhiteElo "1022"]
[BlackElo "737"]
[PlyCount "25"]
[EventDate "2020.04.16"]
[WhiteTeam "Watford 4"]
[BlackTeam "Uxbridge Juniors C"]

1. e4 e5 2. Nf3 Nc6 3. Nc3 Nf6 4. Bb5 d6 5. O-O Ng4 6. Bxc6+ Bd7 7. Bxb7 Rb8 8.
Ba6 Qf6 9. d3 Qg6 10. Nd5 Qh5 11. Bg5 f5 12. Bc4 fxe4 13. Nxc7# 1-0

[Event "Junior Online 4NCL Division 5"]
[Site "online"]
[Date "2020.04.16"]
[Round "1.188"]
[White "Chopra, Raashi"]
[Black "Arora, Aarav"]
[Result "0-1"]
[WhiteElo "700"]
[BlackElo "1007"]
[PlyCount "44"]
[EventDate "2020.04.16"]
[WhiteTeam "Uxbridge Juniors C"]
[BlackTeam "Watford 4"]

1. e3 e5 2. Nf3 Nc6 3. d4 exd4 4. exd4 d5 5. Nc3 Nf6 6. Bb5 Bd7 7. O-O a6 8.
Ba4 b5 9. Bb3 a5 10. Bg5 a4 11. Bxd5 Bd6 12. Bxf7+ Kxf7 13. Qd2 Re8 14. Qd3 Nb4
15. Qxb5 Bxb5 16. Nxb5 Rb8 17. Na7 Rb7 18. Nc6 Nxc6 19. Rae1 Rxe1 20. Rxe1 Rxb2
21. Rb1 Rxb1+ 22. Ne1 Rxe1# 0-1

[Event "Junior Online 4NCL Division 5"]
[Site "online"]
[Date "2020.04.16"]
[Round "1.191"]
[White "McIntyre, Jack"]
[Black "Abraham, Lexi"]
[Result "1-0"]
[WhiteElo "1376"]
[BlackElo "850"]
[PlyCount "81"]
[EventDate "2020.04.16"]
[WhiteTeam "Gonzaga College SJ C"]
[BlackTeam "Blue Foxes 3"]

1. e4 e5 2. Nf3 Nc6 3. Bc4 Nf6 4. Ng5 d5 5. exd5 Rg8 6. dxc6 bxc6 7. Bxf7+ Ke7
8. Bxg8 Nxg8 9. Nxh7 Ke8 10. Nxf8 Kxf8 11. Qf3+ Ke7 12. Qxc6 Rb8 13. Qc5+ Ke8
14. Qxe5+ Ne7 15. Nc3 Bg4 16. O-O a6 17. Qxg7 Bf5 18. Qh8+ Kd7 19. Qxd8+ Kxd8
20. d3 Rc8 21. Bg5 Kd7 22. Rfe1 Nc6 23. Ne4 Nd4 24. Nf6+ Kd6 25. Bf4+ Kc6 26.
Rac1 Rf8 27. Ne4 Be6 28. Be5 Rg8 29. Bxd4 Bh3 30. Ng3 Bc8 31. h4 Rg4 32. Re4
Rg6 33. Rce1 Kd5 34. h5 Rh6 35. c4+ Kd6 36. Re8 Bb7 37. Nf5+ Kd7 38. Nxh6 Kc6
39. R8e6+ Kd7 40. Re7+ Kc6 41. R1e6# 1-0

[Event "Junior Online 4NCL Division 5"]
[Site "online"]
[Date "2020.04.16"]
[Round "1.192"]
[White "Dyer, Emily"]
[Black "Cloonan, Mark"]
[Result "1-0"]
[WhiteElo "820"]
[BlackElo "963"]
[PlyCount "101"]
[EventDate "2020.04.16"]
[WhiteTeam "Blue Foxes 3"]
[BlackTeam "Gonzaga College SJ C"]

1. e4 e5 2. Qh5 Nc6 3. Bc4 g6 4. Qf3 Nf6 5. Qb3 Qe7 6. Nf3 Na5 7. Qb5 Nxc4 8.
Qxc4 c6 9. O-O Bg7 10. Nh4 O-O 11. Nc3 d5 12. Qe2 Nxe4 13. Nxe4 Qxh4 14. d3
dxe4 15. dxe4 Qe7 16. Qc4 Be6 17. Qd3 Rfd8 18. Qf3 Qf6 19. Qa3 Bf8 20. Qg3 Bg7
21. Bg5 Qxg5 22. Qxg5 f5 23. Qe3 Rd4 24. exf5 Bxf5 25. Qb3+ Kf8 26. Qxb7 Rdd8
27. Qxc6 Rac8 28. Qa4 Rxc2 29. Qb4+ Kg8 30. Qe7 Rd7 31. Qe8+ Bf8 32. Rfe1 Re7
33. Qb8 Rc8 34. Qb3+ Kg7 35. Qg3 Rb8 36. Rxe5 Reb7 37. Qc3 Kh6 38. Re3 Rb6 39.
Qa5 Rxb2 40. Qxa7 Rb1+ 41. Re1 Bg7 42. Qe3+ Kh5 43. Raxb1 Bxb1 44. Qh3+ Kg5 45.
Qg3+ Kf6 46. Qe5+ Kf7 47. Qxb8 Bxa2 48. Qb7+ Kg8 49. Re8+ Bf8 50. Ra8 h5 51.
Rxa2 1-0

[Event "Junior Online 4NCL Division 5"]
[Site "online"]
[Date "2020.04.16"]
[Round "1.193"]
[White "Burke, Hugh"]
[Black "Hilmi, Sofia"]
[Result "1-0"]
[WhiteElo "977"]
[BlackElo "812"]
[PlyCount "123"]
[EventDate "2020.04.16"]
[WhiteTeam "Gonzaga College SJ C"]
[BlackTeam "Blue Foxes 3"]

1. e4 e5 2. Bc4 Nf6 3. d3 Nc6 4. Nc3 Bb4 5. f4 Bxc3+ 6. bxc3 d6 7. f5 b6 8. Nf3
O-O 9. O-O h6 10. Be3 Ng4 11. Qd2 Bb7 12. h3 Nxe3 13. Qxe3 Qd7 14. Nh4 Na5 15.
Bb3 Qe7 16. Ng6 Qe8 17. Nxf8 Qxf8 18. f6 Nxb3 19. axb3 Bc6 20. fxg7 Qxg7 21.
Rf3 Qh7 22. Raf1 Kh8 23. Rxf7 Qg6 24. R1f6 Qg5 25. Qxg5 hxg5 26. Rxc7 Bb5 27.
Rff7 Be8 28. Rxa7 Rxa7 29. Rxa7 b5 30. Ra8 Kg7 31. Rxe8 Kf6 32. Rb8 Ke6 33.
Rxb5 Kf6 34. d4 exd4 35. cxd4 Ke7 36. e5 dxe5 37. dxe5 Ke6 38. Rb8 Kxe5 39. Rg8
Kf5 40. c4 Kf4 41. c5 Kf5 42. c6 g4 43. Rxg4 Ke6 44. Rg7 Kd6 45. c7 Ke5 46.
c8=Q Kf4 47. Qf8+ Ke3 48. Re7+ Kd2 49. Qd8+ Kc3 50. Rc7+ Kb4 51. Qb8+ Ka3 52.
Ra7+ Kb2 53. Qh8+ Kb1 54. Qe8 Kc2 55. b4 Kb3 56. b5 Kb4 57. b6 Kc5 58. b7 Kb6
59. b8=Q+ Kc5 60. Qec8+ Kd4 61. Rd7+ Ke3 62. Qe8# 1-0

[Event "Junior Online 4NCL Division 5"]
[Site "online"]
[Date "2020.04.16"]
[Round "1.194"]
[White "Fowkes, Chloe"]
[Black "O'Boyle, Emmet"]
[Result "0-1"]
[WhiteElo "775"]
[BlackElo "887"]
[PlyCount "106"]
[EventDate "2020.04.16"]
[WhiteTeam "Blue Foxes 3"]
[BlackTeam "Gonzaga College SJ C"]

1. e4 c6 2. d4 d5 3. Nc3 dxe4 4. Nxe4 Bf5 5. Bd3 h5 6. Nf3 Nd7 7. Bf4 e6 8. O-O
Be7 9. h3 Bxe4 10. Bxe4 Ngf6 11. Qe1 Qb6 12. Rd1 O-O-O 13. c3 Nxe4 14. Qxe4 Nf6
15. Qe1 Nd5 16. Bg5 Bxg5 17. Nxg5 Rdf8 18. Nxe6 fxe6 19. Qxe6+ Kb8 20. Qd6+ Qc7
21. Qxf8+ Rxf8 22. Rfe1 a6 23. Re2 Nf4 24. Re3 g5 25. Rde1 Nd5 26. Re8+ Rxe8
27. Rxe8+ Ka7 28. Re1 g4 29. c4 Nb4 30. a3 Nc2 31. Re2 Nxd4 32. b4 gxh3 33. a4
Nxe2+ 34. Kh1 hxg2+ 35. Kxg2 Qg7+ 36. Kf3 h4 37. b5 axb5 38. cxb5 cxb5 39. axb5
Nd4+ 40. Ke4 Nxb5 41. Kf5 h3 42. f4 h2 43. Ke4 h1=Q+ 44. Kd3 Qd7+ 45. Ke3 Qhh3+
46. Ke4 Qc6+ 47. Ke5 Qh5+ 48. f5 Qc5+ 49. Ke6 Qh6+ 50. f6 Nd4+ 51. Kd7 Qh7+ 52.
f7 Qxf7+ 53. Kd8 Qcf8# 0-1

[Event "Junior Online 4NCL Division 5"]
[Site "online"]
[Date "2020.04.16"]
[Round "1.195"]
[White "Abraham, Lexi"]
[Black "McIntyre, Jack"]
[Result "0-1"]
[WhiteElo "850"]
[BlackElo "1376"]
[PlyCount "82"]
[EventDate "2020.04.16"]
[WhiteTeam "Blue Foxes 3"]
[BlackTeam "Gonzaga College SJ C"]

1. e4 e5 2. Nf3 Nc6 3. Nc3 Bc5 4. Bc4 Nf6 5. d3 h6 6. O-O O-O 7. Na4 Be7 8. d4
exd4 9. Nxd4 Nxe4 10. Nxc6 dxc6 11. Qxd8 Rxd8 12. Nc3 Nxc3 13. bxc3 Bf5 14. Re1
Bf6 15. Bb2 Bxc2 16. Rac1 Bf5 17. Red1 Rxd1+ 18. Rxd1 Rd8 19. Rf1 Bd3 20. Bxd3
Rxd3 21. Re1 Rd2 22. Bc1 Rxa2 23. Re8+ Kh7 24. Re1 Bxc3 25. Rd1 Ra1 26. Rf1 a5
27. Bf4 Rxf1+ 28. Kxf1 a4 29. Bc1 b5 30. Ke2 b4 31. Kd3 a3 32. Kc2 a2 33. Bb2
a1=Q 34. Bxa1 Bxa1 35. Kb3 c5 36. Kc4 Bd4 37. Kb5 b3 38. Ka4 b2 39. Ka3 b1=Q
40. Ka4 Bc3 41. f4 Qb4# 0-1

[Event "Junior Online 4NCL Division 5"]
[Site "online"]
[Date "2020.04.16"]
[Round "1.196"]
[White "Cloonan, Mark"]
[Black "Dyer, Emily"]
[Result "1-0"]
[WhiteElo "963"]
[BlackElo "820"]
[PlyCount "79"]
[EventDate "2020.04.16"]
[WhiteTeam "Gonzaga College SJ C"]
[BlackTeam "Blue Foxes 3"]

1. e4 e5 2. Nf3 Bc5 3. Bc4 Nf6 4. Nc3 Ng4 5. O-O O-O 6. h3 Nf6 7. d3 Nc6 8. Bg5
d6 9. Nd5 Be6 10. Nxf6+ gxf6 11. Bh6 f5 12. Bxe6 fxe6 13. Bxf8 Qxf8 14. exf5
exf5 15. Nh2 Nb4 16. a3 Nc6 17. c3 Na5 18. b4 Nb3 19. Qxb3+ Qf7 20. Qxf7+ Kxf7
21. bxc5 dxc5 22. Rab1 b5 23. Rxb5 Re8 24. Rxc5 e4 25. dxe4 fxe4 26. Rxc7+ Kf8
27. Rxh7 e3 28. Rh8+ Kf7 29. Rxe8 Kxe8 30. fxe3 Kd7 31. g4 Kc6 32. g5 a5 33.
Rf4 Kb5 34. g6 a4 35. g7 Ka5 36. g8=Q Kb5 37. Qg5+ Kb6 38. Rf6+ Kb7 39. Qg7+
Ka8 40. Rf8# 1-0

[Event "Junior Online 4NCL Division 5"]
[Site "online"]
[Date "2020.04.16"]
[Round "1.197"]
[White "Hilmi, Sofia"]
[Black "Burke, Hugh"]
[Result "0-1"]
[WhiteElo "812"]
[BlackElo "977"]
[PlyCount "100"]
[EventDate "2020.04.16"]
[WhiteTeam "Blue Foxes 3"]
[BlackTeam "Gonzaga College SJ C"]

1. d4 Nf6 2. Nc3 e6 3. Nf3 d5 4. Bg5 Nbd7 5. Bxf6 Nxf6 6. e3 Bb4 7. Qd2 Ne4 8.
Qd3 Bxc3+ 9. bxc3 O-O 10. Be2 Bd7 11. O-O a6 12. a4 Rc8 13. Rfb1 b6 14. Ne5 a5
15. Nxd7 Qxd7 16. Bf3 f5 17. c4 dxc4 18. Qxc4 Nd2 19. Qd3 Nxb1 20. Rxb1 e5 21.
Rb5 e4 22. Qe2 exf3 23. Qxf3 Rce8 24. Rd5 Qc6 25. e4 Rxe4 26. h3 Qxd5 27. c3
Re1+ 28. Kh2 Qxf3 29. gxf3 Ra1 30. Kg3 Rxa4 31. Kf4 Rc4 32. h4 a4 33. Ke5 Rd8
34. d5 Rxc3 35. Kxf5 Rxf3+ 36. Ke5 Rxf2 37. Ke6 a3 38. h5 Rd6+ 39. Ke5 Rxd5+
40. Kxd5 Rf5+ 41. Kc4 Rxh5 42. Kb3 g5 43. Kxa3 g4 44. Kb2 g3 45. Kb3 g2 46. Ka4
g1=Q 47. Kb4 Qg4+ 48. Ka3 Rh3+ 49. Kb2 Qg2+ 50. Kc1 Rh1# 0-1

[Event "Junior Online 4NCL Division 5"]
[Site "online"]
[Date "2020.04.16"]
[Round "1.198"]
[White "O'Boyle, Emmet"]
[Black "Fowkes, Chloe"]
[Result "1-0"]
[WhiteElo "887"]
[BlackElo "775"]
[PlyCount "53"]
[EventDate "2020.04.16"]
[WhiteTeam "Gonzaga College SJ C"]
[BlackTeam "Blue Foxes 3"]

1. e4 e5 2. f4 exf4 3. Nf3 Nf6 4. Nc3 Nc6 5. d4 d5 6. e5 Bf5 7. Bxf4 Be7 8.
exf6 gxf6 9. Bh6 Qd6 10. Bd3 O-O-O 11. Bxf5+ Kb8 12. Qd3 a6 13. Bxh7 Rxh7 14.
Qxh7 Qe5+ 15. dxe5 fxe5 16. O-O-O Ka7 17. Rhe1 Rd6 18. Nxe5 Nxe5 19. Rxe5 d4
20. Rxe7 dxc3 21. Rxd6 cxb2+ 22. Kxb2 cxd6 23. Qxf7 Kb6 24. Be3+ Kc6 25. Rc7+
Kb5 26. Qb3+ Ka5 27. Bd2# 1-0

[Event "Junior Online 4NCL Division 5"]
[Site "online"]
[Date "2020.04.16"]
[Round "1.201"]
[White "Anbu, Rajkumar"]
[Black "Howett, Alex"]
[Result "0-1"]
[WhiteElo "813"]
[BlackElo "1142"]
[PlyCount "60"]
[EventDate "2020.04.16"]
[WhiteTeam "Phones Junior B"]
[BlackTeam "Warwickshire Bears F"]

1. e4 e5 2. Nf3 Nc6 3. Bc4 Nf6 4. Nc3 Bc5 5. O-O d6 6. h3 O-O 7. d3 Re8 8. Ng5
Be6 9. Bxe6 fxe6 10. Be3 Bb4 11. a3 Bxc3 12. bxc3 h6 13. Nf3 Rf8 14. d4 exd4
15. cxd4 Nxe4 16. Qd3 d5 17. Ne5 Nxe5 18. dxe5 Rf5 19. Qxe4 dxe4 20. g4 Rxe5
21. Bf4 Rc5 22. Rad1 Qh4 23. Rd7 Rf8 24. Be5 Rxe5 25. Rfd1 Qxf2+ 26. Kh1 e3 27.
Rd8 Rxd8 28. Rxd8+ Kh7 29. g5 Rxg5 30. Rd1 Qg2# 0-1

[Event "Junior Online 4NCL Division 5"]
[Site "online"]
[Date "2020.04.16"]
[Round "1.202"]
[White "Johal, Amraya K"]
[Black "Benson, Alice"]
[Result "0-1"]
[WhiteElo "1075"]
[BlackElo "740"]
[PlyCount "86"]
[EventDate "2020.04.16"]
[WhiteTeam "Warwickshire Bears F"]
[BlackTeam "Phones Junior B"]

1. e4 c6 2. Nc3 d5 3. Nf3 dxe4 4. Nxe4 Bf5 5. d3 e6 6. Be2 Nf6 7. Nxf6+ Qxf6 8.
O-O Be7 9. Bg5 Qg6 10. g3 Bxg5 11. Nxg5 Qxg5 12. Bf3 Bh3 13. Re1 O-O 14. Re4
Nd7 15. Rh4 Bf5 16. Rh5 Qf6 17. c3 Ne5 18. d4 Nxf3+ 19. Qxf3 Bg6 20. Rh4 Qxf3
21. Rf4 Qe2 22. Rb1 Bxb1 23. h3 Qe1+ 24. Kg2 Be4+ 25. f3 Bxf3+ 26. Rxf3 Qe2+
27. Rf2 Qxf2+ 28. Kxf2 Rad8 29. Kf3 f5 30. Kf2 Kf7 31. Kf3 Kf6 32. Kf2 Kg5 33.
h4+ Kg4 34. Ke3 Kxg3 35. Kd3 f4 36. Ke2 f3+ 37. Kf1 Kxh4 38. Kf2 g5 39. c4 g4
40. Kf1 Rxd4 41. b3 g3 42. Ke1 Rfd8 43. Kf1 Rd1# 0-1

[Event "Junior Online 4NCL Division 5"]
[Site "online"]
[Date "2020.04.16"]
[Round "1.203"]
[White "Kumar, Kabir"]
[Black "Ansell, Jenna"]
[Result "1-0"]
[WhiteElo "729"]
[BlackElo "1075"]
[PlyCount "49"]
[EventDate "2020.04.16"]
[WhiteTeam "Phones Junior B"]
[BlackTeam "Warwickshire Bears F"]

1. d4 d5 2. c4 dxc4 3. e4 Nf6 4. Nc3 Nc6 5. Bxc4 Nxd4 6. Be3 Nc6 7. Qxd8+ Nxd8
8. Nf3 Be6 9. Bxe6 Nxe6 10. O-O Nd8 11. Rfd1 e6 12. Nb5 c6 13. Nc7+ Ke7 14.
Nxa8 Nxe4 15. Bxa7 Ke8 16. Nc7+ Ke7 17. Rac1 g6 18. Bc5+ Kf6 19. Bd4+ Ke7 20.
Bxh8 Bh6 21. Rc4 Nd6 22. Rcd4 Nf5 23. Rd7+ Kf8 24. Rxd8+ Ke7 25. R1d7# 1-0

[Event "Junior Online 4NCL Division 5"]
[Site "online"]
[Date "2020.04.16"]
[Round "1.204"]
[White "Pal, Rhea"]
[Black "Srivastava, Aditya"]
[Result "0-1"]
[WhiteElo "985"]
[BlackElo "654"]
[PlyCount "96"]
[EventDate "2020.04.16"]
[WhiteTeam "Warwickshire Bears F"]
[BlackTeam "Phones Junior B"]

1. e4 e5 2. Nf3 Nc6 3. Nc3 Nf6 4. Be2 Bc5 5. O-O h6 6. d3 d6 7. Be3 Nd4 8. Bxd4
exd4 9. Nd5 c6 10. Nxf6+ Qxf6 11. Qd2 O-O 12. Rad1 a5 13. c3 dxc3 14. bxc3 b5
15. Rfe1 b4 16. c4 Bb7 17. h3 d5 18. exd5 cxd5 19. cxd5 Bxd5 20. Rb1 Bd6 21. d4
Rac8 22. Rec1 Bf4 23. Qd1 Rxc1 24. Rxc1 Bxc1 25. Qxc1 Bxf3 26. Bxf3 Qxd4 27.
Bd1 Rd8 28. Kf1 Qxd1+ 29. Qxd1 Rxd1+ 30. Ke2 Ra1 31. Kd2 Rxa2+ 32. Kd3 Rxf2 33.
g3 Rf3+ 34. Kc4 Rxg3 35. Kb5 Rxh3 36. Kxa5 Re3 37. Kxb4 f5 38. Kc4 f4 39. Kd4
g5 40. Kd5 g4 41. Kd4 g3 42. Kd5 g2 43. Kd4 g1=Q 44. Kd5 f3 45. Kd4 h5 46. Kd5
f2 47. Kd4 f1=Q 48. Kd5 h4 0-1

[Event "Junior Online 4NCL Division 5"]
[Site "online"]
[Date "2020.04.16"]
[Round "1.205"]
[White "Howett, Alex"]
[Black "Anbu, Rajkumar"]
[Result "0-1"]
[WhiteElo "1142"]
[BlackElo "813"]
[PlyCount "92"]
[EventDate "2020.04.16"]
[WhiteTeam "Warwickshire Bears F"]
[BlackTeam "Phones Junior B"]

1. e4 e5 2. Nf3 Nc6 3. Nc3 Nf6 4. Bc4 Bc5 5. d3 h6 6. O-O O-O 7. Qe2 d6 8. b3
Bg4 9. b4 Bd4 10. Nb5 Bxa1 11. h3 Bxf3 12. Qxf3 Nd4 13. Nxd4 Bxd4 14. Qg3 g5
15. h4 Nh7 16. hxg5 hxg5 17. Bd2 a6 18. c3 Bb6 19. d4 exd4 20. cxd4 Bxd4 21.
Bd3 Be5 22. Qh3 a5 23. Rc1 axb4 24. Bxb4 Rxa2 25. Bc3 Bxc3 26. Rxc3 Ra1+ 27.
Kh2 Ra4 28. e5 Rh4 29. Bxh7+ Kxh7 30. exd6 Qxd6+ 31. g3 Rxh3+ 32. Kxh3 Qh6+ 33.
Kg2 g4 34. Rc1 Qh3+ 35. Kg1 Rh8 36. f3 Kg8 37. Kf2 Qh2+ 38. Ke3 Rh6 39. Rxc7
Re6+ 40. Kf4 Qh6+ 41. Kxg4 Qg6+ 42. Kh3 Qh5+ 43. Kg2 Re2+ 44. Kf1 Qh2 45. Rc8+
Kg7 46. Rc2 Qf2# 0-1

[Event "Junior Online 4NCL Division 5"]
[Site "online"]
[Date "2020.04.16"]
[Round "1.206"]
[White "Benson, Alice"]
[Black "Johal, Amraya K"]
[Result "1-0"]
[WhiteElo "740"]
[BlackElo "1075"]
[PlyCount "65"]
[EventDate "2020.04.16"]
[WhiteTeam "Phones Junior B"]
[BlackTeam "Warwickshire Bears F"]

1. d4 d5 2. Bf4 Nf6 3. e3 Nc6 4. c3 Bg4 5. Nf3 Bxf3 6. Qxf3 e6 7. Bb5 Qd7 8.
O-O a6 9. Bd3 Bd6 10. Bg5 Be7 11. Nd2 h6 12. Bxf6 Bxf6 13. e4 Qd6 14. e5 Nxe5
15. dxe5 Qxe5 16. Rfe1 Qd6 17. Nb3 O-O-O 18. Nd4 Bxd4 19. cxd4 Qb4 20. Qxf7
Qxd4 21. Qxe6+ Kb8 22. Qe2 Rhf8 23. Rac1 c6 24. Qe5+ Qxe5 25. Rxe5 Rd7 26. Rce1
Rdd8 27. Re7 g5 28. Rh7 Rh8 29. Rf7 Rc8 30. Ree7 Rce8 31. Rxb7+ Kc8 32. Bf5+
Kd8 33. Rb8# 1-0

[Event "Junior Online 4NCL Division 5"]
[Site "online"]
[Date "2020.04.16"]
[Round "1.207"]
[White "Ansell, Jenna"]
[Black "Kumar, Kabir"]
[Result "0-1"]
[WhiteElo "1075"]
[BlackElo "729"]
[PlyCount "86"]
[EventDate "2020.04.16"]
[WhiteTeam "Warwickshire Bears F"]
[BlackTeam "Phones Junior B"]

1. e4 e5 2. Nf3 Nc6 3. d3 Nf6 4. Nc3 Bb4 5. Bd2 O-O 6. Be2 d6 7. O-O Bg4 8. Qe1
Re8 9. Bg5 h6 10. Bxf6 Qxf6 11. Rb1 Qg6 12. a3 Bh3 13. Nh4 Qg5 14. g3 Bxf1 15.
Bxf1 Bc5 16. Bh3 Qf6 17. Bd7 Red8 18. Bxc6 bxc6 19. b4 Bd4 20. Ne2 Bb6 21. Ng2
a5 22. bxa5 Bxa5 23. Qf1 Rab8 24. Rxb8 Rxb8 25. c3 Qe6 26. Nh4 Qa2 27. d4 Rb1
28. Kg2 Rxf1 29. Kxf1 Qc4 30. dxe5 dxe5 31. g4 Bxc3 32. Kg2 Qxe4+ 33. Kg3 Qxe2
34. Nf3 e4 35. Ng1 Be5+ 36. Kg2 Qxg4+ 37. Kf1 Bxh2 38. Ne2 Qh3+ 39. Ke1 e3 40.
fxe3 Qxe3 41. a4 Bg3+ 42. Kd1 Bf4 43. a5 Qd2# 0-1

[Event "Junior Online 4NCL Division 5"]
[Site "online"]
[Date "2020.04.16"]
[Round "1.208"]
[White "Srivastava, Aditya"]
[Black "Pal, Rhea"]
[Result "0-1"]
[WhiteElo "654"]
[BlackElo "985"]
[PlyCount "50"]
[EventDate "2020.04.16"]
[WhiteTeam "Phones Junior B"]
[BlackTeam "Warwickshire Bears F"]

1. e4 e5 2. Nf3 Nc6 3. Bc4 Nf6 4. Nc3 Bc5 5. d3 O-O 6. Bg5 h6 7. Bd2 d6 8. Qe2
Bg4 9. h3 Bh5 10. O-O Qd7 11. Be3 Bb6 12. Bb5 Rad8 13. d4 exd4 14. Nxd4 Bxe2
15. Ncxe2 Rfe8 16. Nc3 Nxe4 17. Nxe4 Rxe4 18. Nxc6 bxc6 19. Bd3 Re6 20. Bf5
Bxe3 21. fxe3 Qe7 22. Bxe6 Qxe6 23. Rae1 Qxa2 24. b3 Qxc2 25. Rf2 Qxb3 0-1

[Event "Junior Online 4NCL Division 5"]
[Site "online"]
[Date "2020.04.16"]
[Round "1.211"]
[White "Skailes, Kit"]
[Black "Osborne, Finn"]
[Result "1-0"]
[WhiteElo "1186"]
[BlackElo "742"]
[PlyCount "79"]
[EventDate "2020.04.16"]
[WhiteTeam "Monmouth Marauders"]
[BlackTeam "TSK Tigers C"]

1. d4 d5 2. c4 Nf6 3. cxd5 Qxd5 4. Nf3 Nc6 5. Nc3 Qd8 6. e4 e6 7. a3 Qe7 8. Bg5
e5 9. dxe5 Nxe5 10. Nxe5 Qxe5 11. Bxf6 Qxf6 12. Nd5 Qe6 13. Nxc7+ Ke7 14. Nxe6
Bxe6 15. Rc1 h5 16. Rc7+ Kf6 17. Qf3+ Ke5 18. Bd3 Bg4 19. Qxf7 Bd6 20. Qd5+ Kf4
21. Qxd6+ Kg5 22. Qe5+ Kh6 23. O-O g6 24. Qg7+ Kg5 25. g3 h4 26. Rc5+ Bf5 27.
Rxf5+ Kg4 28. Qxg6+ Kh3 29. f3 Rhg8 30. Qxg8 Rxg8 31. e5 Re8 32. f4 a6 33. gxh4
b5 34. h5 Kh4 35. h6 Kg4 36. Rg5+ Kh4 37. h7 Kh3 38. Bf5+ Kh4 39. Rf3 a5 40.
Rh3# 1-0

[Event "Junior Online 4NCL Division 5"]
[Site "online"]
[Date "2020.04.16"]
[Round "1.212"]
[White "Evans, Macsen"]
[Black "Phillips, Rhys"]
[Result "0-1"]
[WhiteElo "691"]
[BlackElo "1140"]
[PlyCount "100"]
[EventDate "2020.04.16"]
[WhiteTeam "TSK Tigers C"]
[BlackTeam "Monmouth Marauders"]

1. e4 e5 2. Nf3 Nc6 3. Bc4 Bc5 4. Ng5 Qxg5 5. O-O d6 6. g3 Bh3 7. Re1 Nf6 8.
Bb5 O-O 9. Bxc6 bxc6 10. d3 Qg6 11. Nc3 Bg4 12. Qd2 Qh5 13. Qg5 Qxg5 14. Bxg5
Rad8 15. Bh4 h6 16. Re3 Bxe3 17. fxe3 g5 18. Bxg5 hxg5 19. Rf1 Nd7 20. Nb1 Nb6
21. b4 d5 22. exd5 cxd5 23. Rf6 d4 24. exd4 exd4 25. Rf1 Rfe8 26. Nd2 Bh3 27.
Rf2 Re1+ 28. Nf1 Bxf1 29. Rxf1 Rxf1+ 30. Kxf1 Re8 31. h4 gxh4 32. gxh4 Kg7 33.
h5 Kh6 34. Kg2 Kxh5 35. Kg3 Kg5 36. c4 Re3+ 37. Kg2 Kg4 38. c5 Nd5 39. Kf2 Rxd3
40. b5 Rd2+ 41. Ke1 Rxa2 42. b6 axb6 43. cxb6 cxb6 44. Kd1 Kf3 45. Kc1 Ke3 46.
Kb1 Rh2 47. Ka1 Kd3 48. Kb1 Kc3 49. Ka1 Kb3 50. Kb1 Rh1# 0-1

[Event "Junior Online 4NCL Division 5"]
[Site "online"]
[Date "2020.04.16"]
[Round "1.213"]
[White "Skailes, Robin"]
[Black "Quin, Nicolas"]
[Result "1-0"]
[WhiteElo "1100"]
[BlackElo "660"]
[PlyCount "85"]
[EventDate "2020.04.16"]
[WhiteTeam "Monmouth Marauders"]
[BlackTeam "TSK Tigers C"]

1. e4 e5 2. Nf3 Nc6 3. Bb5 Nf6 4. Nc3 Bb4 5. Bxc6 dxc6 6. Nxe5 Bxc3 7. Nd3 Bd4
8. Qf3 Bg4 9. Qg3 c5 10. Ne5 Bxe5 11. Qxe5+ Be6 12. Qxc5 Nxe4 13. Qb5+ Bd7 14.
Qe2 Bf5 15. d3 O-O 16. dxe4 Bg6 17. O-O Re8 18. Rd1 Qh4 19. e5 Bf5 20. c3 Qg4
21. Qxg4 Bxg4 22. Rd7 Bxd7 23. Be3 Rxe5 24. Rd1 Rd8 25. Bd4 Re4 26. f3 Rf4 27.
Be5 Rf5 28. Bxc7 Rc8 29. Rxd7 g6 30. Bg3 Re8 31. Rxb7 Re2 32. a4 Rg5 33. b4 Rc2
34. Rc7 Ra2 35. Rxa7 Ra1+ 36. Kf2 Ra2+ 37. Ke3 Rxg2 38. Kf4 Rd5 39. Ke4 Rg5 40.
Bh4 Rh5 41. Bf6 h6 42. Ra8+ Kh7 43. Rh8# 1-0

[Event "Junior Online 4NCL Division 5"]
[Site "online"]
[Date "2020.04.16"]
[Round "1.214"]
[White "Choung, James Alexander"]
[Black "Swartz, Edward RG"]
[Result "0-1"]
[WhiteElo "630"]
[BlackElo "1013"]
[PlyCount "38"]
[EventDate "2020.04.16"]
[WhiteTeam "TSK Tigers C"]
[BlackTeam "Monmouth Marauders"]

1. e4 Nc6 2. Nf3 e5 3. Nc3 Bb4 4. Bb5 Bxc3 5. dxc3 d6 6. Bxc6+ bxc6 7. O-O Nf6
8. Bg5 Bg4 9. Bxf6 Qxf6 10. Re1 O-O-O 11. a4 Qf4 12. Ra3 d5 13. exd5 cxd5 14.
Rb3 Qxa4 15. Rb4 Bxf3 16. Qxf3 Qxc2 17. Rxe5 Qc1+ 18. Qd1 Qxd1+ 19. Re1 Qxe1#
0-1

[Event "Junior Online 4NCL Division 5"]
[Site "online"]
[Date "2020.04.16"]
[Round "1.215"]
[White "Osborne, Finn"]
[Black "Skailes, Kit"]
[Result "0-1"]
[WhiteElo "742"]
[BlackElo "1186"]
[PlyCount "60"]
[EventDate "2020.04.16"]
[WhiteTeam "TSK Tigers C"]
[BlackTeam "Monmouth Marauders"]

1. e4 d5 2. Nc3 dxe4 3. Nxe4 e5 4. Nf3 Nc6 5. d3 Bg4 6. Bg5 f6 7. Bh4 Bxf3 8.
Qxf3 Nd4 9. Qd1 g5 10. Bg3 Bd6 11. Nxd6+ Qxd6 12. Be2 O-O-O 13. Bg4+ f5 14. c3
fxg4 15. cxd4 Qxd4 16. O-O Nf6 17. Qe1 Rhe8 18. Rd1 h5 19. b4 h4 20. Rb1 hxg3
21. hxg3 e4 22. dxe4 Rxe4 23. Qc1 Qb6 24. Qxg5 Rf8 25. Rbd1 Qxb4 26. f3 Qb6+
27. Kh1 gxf3 28. gxf3 Rh8+ 29. Kg2 Re2+ 30. Rf2 Qxf2# 0-1

[Event "Junior Online 4NCL Division 5"]
[Site "online"]
[Date "2020.04.16"]
[Round "1.216"]
[White "Phillips, Rhys"]
[Black "Evans, Macsen"]
[Result "1-0"]
[WhiteElo "1140"]
[BlackElo "691"]
[PlyCount "53"]
[EventDate "2020.04.16"]
[WhiteTeam "Monmouth Marauders"]
[BlackTeam "TSK Tigers C"]

1. d4 e6 2. c4 Qf6 3. Nf3 Bb4+ 4. Nbd2 Nc6 5. e3 Nh6 6. a3 Bd6 7. Ne4 Qd8 8.
Nxd6+ cxd6 9. b4 O-O 10. Bd3 Nf5 11. Qc2 a5 12. b5 Nb8 13. O-O Nh4 14. Nxh4
Qxh4 15. g3 Qg5 16. Bxh7+ Kh8 17. Bd3 f5 18. e4 Qh5 19. Be2 Qh7 20. exf5 exf5
21. Bd3 g6 22. Bb2 Qf7 23. d5+ Kg8 24. Qc3 Kh7 25. Rfe1 Re8 26. Rxe8 Qxe8 27.
Qg7# 1-0

[Event "Junior Online 4NCL Division 5"]
[Site "online"]
[Date "2020.04.16"]
[Round "1.217"]
[White "Quin, Nicolas"]
[Black "Skailes, Robin"]
[Result "0-1"]
[WhiteElo "660"]
[BlackElo "1100"]
[PlyCount "44"]
[EventDate "2020.04.16"]
[WhiteTeam "TSK Tigers C"]
[BlackTeam "Monmouth Marauders"]

1. e4 d5 2. Nc3 d4 3. Nb5 e5 4. d3 Bd7 5. Na3 Nf6 6. Bg5 Bb4+ 7. c3 dxc3 8.
bxc3 Bxc3+ 9. Bd2 Bxa1 10. Qxa1 O-O 11. Qxe5 Nc6 12. Qc5 b6 13. Qc4 Ne5 14. Qd4
Qe7 15. Bf4 Nc6 16. Bxc7 Nxd4 17. f3 Qb4+ 18. Kd1 Ba4+ 19. Nc2 Qb1+ 20. Kd2
Qxc2+ 21. Ke3 Qxc7 22. Kxd4 Qc5# 0-1

[Event "Junior Online 4NCL Division 5"]
[Site "online"]
[Date "2020.04.16"]
[Round "1.218"]
[White "Swartz, Edward RG"]
[Black "Choung, James Alexander"]
[Result "1-0"]
[WhiteElo "1013"]
[BlackElo "630"]
[PlyCount "37"]
[EventDate "2020.04.16"]
[WhiteTeam "Monmouth Marauders"]
[BlackTeam "TSK Tigers C"]

1. Nf3 Nc6 2. e4 Nf6 3. e5 Nd5 4. Bc4 e6 5. Bb5 Bc5 6. O-O O-O 7. Bxc6 bxc6 8.
c4 Nf4 9. d4 Bb4 10. Bxf4 d5 11. exd6 cxd6 12. a3 Ba5 13. b4 Bb6 14. Nc3 d5 15.
c5 Bc7 16. Bxc7 Qxc7 17. Qd3 Rb8 18. Ng5 f6 19. Qxh7# 1-0